[Event "I Open Parco del Taro"]
[Site "Collecchio ITA"]
[Date "2004.03.12"]
[Round "1"]
[White "Salami, Marco"]
[Black "Pasini, Davide"]
[Result "1-0"]
[WhiteElo "2172"]
[BlackElo "1594"]
[PlyCount "75"]
[EventDate "2004.03.12"]

1. e4 e6 2. d3 d5 3. Nd2 Nf6 4. Ngf3 c5 5. g3 g6 6. Bg2 Bg7 7. O-O O-O 8. Re1
Nc6 9. c3 d4 10. cxd4 cxd4 11. a4 a6 12. Nc4 Nd7 13. a5 Qc7 14. Bd2 b5 15. axb6
Nxb6 16. Na5 Nxa5 17. Bxa5 Rb8 18. e5 Qc5 19. Nd2 Nd7 20. b4 Qa7 21. Nc4 Bb7
22. Bxb7 Qxb7 23. Qg4 Qd5 24. Qe4 Rb5 25. f4 Ra8 26. Nd6 Rbb8 27. Qxd5 exd5 28.
Rac1 Ra7 29. Rc6 Bf8 30. Rec1 Bxd6 31. Rxd6 Rb5 32. Rc8+ Kg7 33. Rd8 Nb8 34.
Rxd5 Rab7 35. Rxb5 Rxb5 36. Rd6 Kh6 37. Kg2 Kh5 38. Kf3 1-0

[Event "I Open Parco del Taro"]
[Site "Collecchio ITA"]
[Date "2004.03.12"]
[Round "1"]
[White "Terbonati, Paolo"]
[Black "Bonade', Massimo"]
[Result "1-0"]
[WhiteElo "1554"]
[BlackElo "2044"]
[PlyCount "100"]
[EventDate "2004.03.12"]

1. c4 c5 2. Nc3 Nc6 3. Nf3 g6 4. g3 Bg7 5. Bg2 e5 6. d3 Nge7 7. O-O O-O 8. e4
d6 9. Ne1 Nd4 10. Nc2 Be6 11. Nxd4 cxd4 12. Ne2 Qd7 13. f4 f5 14. Bd2 Rac8 15.
a4 fxe4 16. Bxe4 Bh3 17. Rf2 Bf5 18. Qb3 Bxe4 19. dxe4 Qc6 20. c5+ Kh8 21. cxd6
Qxd6 22. Bb4 Qd7 23. Ra3 Rfd8 24. fxe5 d3 25. Nf4 Bxe5 26. Qxd3 Bd4 27. Bc3
Rxc3 28. Rxc3 g5 29. Nd5 Bxf2+ 30. Kxf2 Rf8+ 31. Kg2 Nc6 32. b4 Qf7 33. Rc2 Ne5
34. Qe2 Ng4 35. h3 Ne5 36. Rc7 Qg6 37. Re7 Re8 38. Rxe8+ Qxe8 39. Qc2 Qe6 40.
Qc3 Kg8 41. Qc7 Nc6 42. Kf3 Nd4+ 43. Kf2 Nc6 44. b5 Nd4 45. Qb8+ Kf7 46. Qxb7+
Kg6 47. Qa6 Qxa6 48. bxa6 Nc6 49. Nc7 Nb4 50. Nd5 50... Nd3+ {...} 1-0

[Event "I Open Parco del Taro"]
[Site "Collecchio ITA"]
[Date "2004.03.12"]
[Round "1"]
[White "Vezzosi, Paolo"]
[Black "Salati, Paolo"]
[Result "1-0"]
[WhiteElo "2355"]
[BlackElo "1600"]
[PlyCount "55"]
[EventDate "2004.03.12"]

1. d4 d5 2. c4 c6 3. Nc3 Nf6 4. e3 e6 5. Nf3 Bb4 6. Qc2 O-O 7. Bd3 h6 8. O-O
Nbd7 9. Bd2 Ba5 10. Rad1 Re8 11. Rfe1 Bc7 12. e4 dxe4 13. Nxe4 Nxe4 14. Bxe4
Nf6 15. Bd3 b6 16. Bc3 Bb7 17. Ne5 Qd6 18. Re3 c5 19. dxc5 Qxc5 20. b4 Qe7 21.
Rg3 Red8 22. Qc1 Kh8 23. Re1 Rac8 24. Ng4 Nxg4 25. Rxg4 f6 26. Bb1 Qd6 27. Rh4
Qe7 28. Rxh6+ 1-0

[Event "I Open Parco del Taro"]
[Site "Collecchio ITA"]
[Date "2004.03.13"]
[Round "2"]
[White "Bocci, Alessandro"]
[Black "Bonugli, Carlo"]
[Result "1/2-1/2"]
[WhiteElo "1618"]
[BlackElo "2056"]
[PlyCount "95"]
[EventDate "2004.03.12"]

1. d4 Nf6 2. Nf3 c5 3. d5 d6 4. c4 e6 5. Nc3 exd5 6. cxd5 g6 7. Bf4 Bg7 8. e4
O-O 9. Be2 b5 10. Bxb5 Nxe4 11. Nxe4 Qa5+ 12. Nc3 Bxc3+ 13. bxc3 Qxb5 14. Nd2
Re8+ 15. Be3 Qd3 16. Qa4 Bd7 17. Qc4 Bb5 18. Qxd3 Bxd3 19. O-O-O Nd7 20. Rhe1
Nb6 21. Nb3 Bc4 22. Bf4 Nxd5 23. Bxd6 Nxc3 24. Rxe8+ Rxe8 25. Rd2 Bxb3 26. axb3
Ne4 27. Rd1 Nxd6 28. Rxd6 Re2 29. Rf6 Kg7 30. Rf3 f5 31. h4 Kf6 32. Kd1 Ra2 33.
Ke1 Ke5 34. g3 a5 35. Rd3 Ke4 36. Rd7 a4 37. bxa4 Rxa4 38. Rxh7 Kf3 39. Rg7 c4
40. Rxg6 c3 41. Kd1 Kxf2 42. Kc2 Kf3 43. h5 f4 44. gxf4 Kxf4 45. h6 Kf5 46. h7
Rh4 47. Rg7 Kf6 48. Rc7 1/2-1/2

[Event "I Open Parco del Taro"]
[Site "Collecchio ITA"]
[Date "2004.03.13"]
[Round "2"]
[White "Cottarelli, Franco"]
[Black "Gabelli, Giuseppe"]
[Result "0-1"]
[WhiteElo "1932"]
[BlackElo "1606"]
[PlyCount "54"]
[EventDate "2004.03.12"]

1. e4 e5 2. Nf3 Nc6 3. Bc4 Bc5 4. b4 Bb6 5. a4 a6 6. c3 Nf6 7. Qb3 Qe7 8. a5
Ba7 9. d3 O-O 10. Bg5 d6 11. Nbd2 Nd8 12. O-O Ne6 13. Be3 Bxe3 14. fxe3 Ng4 15.
Rae1 Kh8 16. d4 exd4 17. cxd4 f5 18. exf5 Rxf5 19. h3 Nh6 20. e4 Rf8 21. e5 Nf4
22. exd6 Qxd6 23. Ne4 Qg6 24. Neg5 Bxh3 25. Re7 Bxg2 26. Bf7 Nxf7 27. Rxf7 Bxf3
0-1

[Event "I Open Parco del Taro"]
[Site "Collecchio ITA"]
[Date "2004.03.13"]
[Round "2"]
[White "Di Giuseppe, Giovanni"]
[Black "Pelagatti, Alessandro"]
[Result "0-1"]
[WhiteElo "1639"]
[BlackElo "1969"]
[PlyCount "34"]
[EventDate "2004.03.12"]

1. d4 g6 2. c4 Bg7 3. Nc3 d6 4. e4 Nf6 5. f3 O-O 6. Be3 Nbd7 7. Nh3 c6 8. Be2
e5 9. Nf2 a6 10. a4 Nh5 11. O-O Qb6 12. a5 Qa7 13. Ng4 exd4 14. Bf2 Nf4 15. h3
h5 16. Nh2 Qc5 17. Qc1 Qg5 0-1

[Event "I Open Parco del Taro"]
[Site "Collecchio ITA"]
[Date "2004.03.13"]
[Round "2"]
[White "Franco, Antonello"]
[Black "Salami, Marco"]
[Result "0-1"]
[WhiteElo "1738"]
[BlackElo "2172"]
[PlyCount "82"]
[EventDate "2004.03.12"]

1. d4 f5 2. Nf3 Nf6 3. Bf4 d6 4. Ng5 h6 5. Nh3 g5 6. Bd2 Nc6 7. d5 Nxd5 8. Bxg5
hxg5 9. Qxd5 e6 10. Qd2 Bg7 11. Nc3 Bf6 12. O-O-O Bd7 13. Kb1 Qe7 14. e4 f4 15.
Re1 O-O-O 16. f3 Qg7 17. Nf2 Ne5 18. Be2 Bc6 19. Nb5 Bxb5 20. Bxb5 d5 21. Qa5
Kb8 22. Qb4 Rd6 23. b3 Rb6 24. Qa5 a6 25. Be2 Nc4 26. Qa4 Bc3 27. Bxc4 Bxe1 28.
Rxe1 Qc3 29. Rd1 dxc4 30. h3 Rc6 31. Rc1 Rd8 32. Nd1 Qd2 33. Nb2 Qxg2 34. Nxc4
Qxh3 35. Ne5 Rcd6 36. Nf7 Qxf3 37. Nxd8 Rxd8 38. Qc4 Rd6 39. Rg1 Rd1+ 40. Rxd1
Qxd1+ 41. Kb2 Qd6 0-1

[Event "I Open Parco del Taro"]
[Site "Collecchio ITA"]
[Date "2004.03.13"]
[Round "2"]
[White "Guglielmi, Gabriele"]
[Black "Pipitone, Antonio"]
[Result "1-0"]
[WhiteElo "1645"]
[BlackElo "2034"]
[PlyCount "65"]
[EventDate "2004.03.12"]

1. e4 c5 2. d4 cxd4 3. c3 dxc3 4. Nxc3 d6 5. Nf3 Nf6 6. Bc4 e6 7. O-O Be7 8.
Qe2 Nc6 9. Rd1 Qc7 10. Bg5 a6 11. Rac1 O-O 12. e5 dxe5 13. Bd3 e4 14. Nxe4 Nxe4
15. Bxe4 Bd6 16. Qd3 Bf4 17. Bxf4 Qxf4 18. Bxh7+ Kh8 19. Rc4 Qf6 20. Rh4 Rd8
21. Qb1 Rxd1+ 22. Qxd1 e5 23. Qb3 Nd4 24. Qb4 Be6 25. Be4+ Kg8 26. Bxb7 Rb8 27.
Qa4 g5 28. Rh5 Nxf3+ 29. Bxf3 Qg6 30. h3 Bf5 31. h4 gxh4 32. Qxh4 Qg7 33. Rxf5
1-0

[Event "I Open Parco del Taro"]
[Site "Collecchio ITA"]
[Date "2004.03.13"]
[Round "2"]
[White "Losi, Renzo"]
[Black "Vezzosi, Paolo"]
[Result "0-1"]
[WhiteElo "1789"]
[BlackElo "2355"]
[PlyCount "64"]
[EventDate "2004.03.12"]

1. e4 e6 2. d3 c5 3. Nf3 Nc6 4. g3 g6 5. Bg2 Bg7 6. O-O Nge7 7. Nc3 O-O 8. Bf4
d6 9. Qc1 Nd4 10. Nxd4 cxd4 11. Ne2 Qb6 12. c4 dxc3 13. bxc3 Qa6 14. Qd2 Bd7
15. Rab1 Rac8 16. c4 b5 17. cxb5 Bxb5 18. Rfd1 Nc6 19. Be3 Ne5 20. Bd4 Ba4 21.
Bxe5 Rc2 22. Qe3 Bxe5 23. Rdc1 Rxa2 24. Nc3 Ra3 25. Nxa4 Qxa4 26. Rc7 Bd4 27.
Qf3 Ra2 28. Rb8 f6 29. Rbb7 f5 30. exf5 Rxf2 31. Rg7+ Bxg7 32. Qxf2 Bd4 0-1

[Event "I Open Parco del Taro"]
[Site "Collecchio ITA"]
[Date "2004.03.13"]
[Round "2"]
[White "Monti, Giuseppe"]
[Black "Grillo, Francesco"]
[Result "0-1"]
[WhiteElo "1467"]
[BlackElo "1669"]
[PlyCount "74"]
[EventDate "2004.03.12"]

1. e4 c5 2. d4 cxd4 3. c3 d5 4. Nf3 dxe4 5. Nxd4 e5 6. Nb3 Qxd1+ 7. Kxd1 Nf6 8.
Bg5 Be7 9. Bxf6 Bxf6 10. Bb5+ Nd7 11. Nc5 a6 12. Bxd7+ Bxd7 13. Nxb7 O-O 14.
Nc5 Bc6 15. Nd2 Rfd8 16. Ke2 e3 17. Nde4 Be7 18. Kxe3 f5 19. Ne6 Rd7 20. N4c5
f4+ 21. Ke2 Bb5+ 22. Kf3 Rd2 23. Rhe1 Bc6+ 24. Ne4 Rd3+ 25. Kg4 Bd7 26. Kf5 Rd5
27. Rad1 Rf8+ 28. Kg4 Bxe6+ 29. Kf3 Rfd8 30. Ke2 Bf5 31. f3 g5 32. c4 Rd4 33.
Rxd4 Rxd4 34. b3 Bxe4 35. fxe4 Rxe4+ 36. Kf1 Rxe1+ 37. Kxe1 Kf7 0-1

[Event "I Open Parco del Taro"]
[Site "Collecchio ITA"]
[Date "2004.03.13"]
[Round "2"]
[White "Pasini, Davide"]
[Black "Mantovani, Mario"]
[Result "1-0"]
[WhiteElo "1594"]
[BlackElo "1480"]
[PlyCount "67"]
[EventDate "2004.03.12"]

1. Nf3 e6 2. g3 Nf6 3. Bg2 d5 4. d4 c5 5. O-O Nc6 6. c4 Qb6 7. Nc3 cxd4 8. Na4
Qa5 9. Bd2 Bb4 10. Bxb4 Nxb4 11. a3 Nc6 12. b4 Qd8 13. Nxd4 O-O 14. Rc1 Nxd4
15. Qxd4 Re8 16. cxd5 exd5 17. Nc3 Be6 18. Rfd1 Qb6 19. Nxd5 Nxd5 20. Bxd5 Qxd4
21. Rxd4 Bxd5 22. Rxd5 Rxe2 23. Rd7 Ra2 24. Rcc7 Rxa3 25. Rxf7 b6 26. Rxg7+ Kh8
27. Rxh7+ Kg8 28. h4 a5 29. Rhg7+ Kh8 30. Rh7+ Kg8 31. Rcg7+ Kf8 32. Rg6 axb4
33. Rxb6 Kg8 34. Rhb7 1-0

[Event "I Open Parco del Taro"]
[Site "Collecchio ITA"]
[Date "2004.03.13"]
[Round "2"]
[White "Potenza, Gaetano"]
[Black "Marcori, Mirko"]
[Result "0-1"]
[WhiteElo "1528"]
[BlackElo "1573"]
[PlyCount "76"]
[EventDate "2004.03.12"]

1. e4 e6 2. d4 d5 3. Nc3 Bb4 4. e5 c5 5. Qg4 Ne7 6. Nf3 cxd4 7. Bb5+ Bd7 8.
Nxd4 Bxc3+ 9. bxc3 Bxb5 10. Nxb5 O-O 11. Bd2 Nbc6 12. f4 a6 13. Nd4 b5 14. O-O
Rc8 15. Nxc6 Rxc6 16. a4 bxa4 17. Rxa4 Qb6+ 18. Kh1 Qb2 19. Qd1 Qb7 20. Qe2 Nf5
21. Rfa1 Ra8 22. Rb4 Qc8 23. Rab1 g6 24. Qg4 Qd8 25. Be1 Rc7 26. R1b2 Rac8 27.
h4 h5 28. Qf3 Nxh4 29. Qh3 Nf5 30. g4 hxg4 31. Qxg4 Kg7 32. Kg1 Qe7 33. Rb8 Qd8
34. R8b3 a5 35. Rb6 Qe7 36. Rb8 a4 37. R2b7 Rxb7 38. Rxc8 Rb1 0-1

[Event "I Open Parco del Taro"]
[Site "Collecchio ITA"]
[Date "2004.03.13"]
[Round "2"]
[White "Rigo, Gianfrancesco"]
[Black "Prati, Alessandro"]
[Result "1/2-1/2"]
[WhiteElo "2033"]
[BlackElo "1633"]
[PlyCount "66"]
[EventDate "2004.03.12"]

1. e4 c5 2. Nf3 d6 3. d4 cxd4 4. Nxd4 Nf6 5. Nc3 a6 6. Bc4 e6 7. Bb3 Be7 8. O-O
O-O 9. f4 Qc7 10. Be3 Nc6 11. f5 Nxd4 12. Bxd4 e5 13. Be3 b5 14. Nd5 Nxd5 15.
Bxd5 Bb7 16. c4 bxc4 17. Rc1 Bxd5 18. Qxd5 Rac8 19. Rc3 Qc6 20. Qxc6 Rxc6 21.
b3 Rfc8 22. Rfc1 Kf8 23. bxc4 Ke8 24. R1c2 Bd8 25. Kf2 Ba5 26. Rd3 Rxc4 27.
Rxc4 Rxc4 28. Rxd6 Rc2+ 29. Kf3 Rxa2 30. Rxa6 Ra3 31. Ke2 Bb4 32. Rxa3 Bxa3 33.
Kd3 Kd7 1/2-1/2

[Event "I Open Parco del Taro"]
[Site "Collecchio ITA"]
[Date "2004.03.13"]
[Round "2"]
[White "Ronchetti, Niccolo'"]
[Black "Ruggeri, Dario"]
[Result "1-0"]
[WhiteElo "2219"]
[BlackElo "1759"]
[PlyCount "49"]
[EventDate "2004.03.12"]

1. e4 e5 2. Nf3 Nf6 3. Nc3 Bb4 4. Nxe5 Bxc3 5. dxc3 Qe7 6. Nf3 Qxe4+ 7. Be2 O-O
8. O-O c5 9. Bd3 Qc6 10. Ne5 Qc7 11. Bf4 Qd8 12. c4 Nc6 13. Re1 Nb4 14. Bf1 d6
15. Nd3 Nc6 16. c3 Be6 17. b3 b6 18. Bg5 Qc7 19. Nf4 Ne5 20. Nxe6 fxe6 21. f4
Ng6 22. Rxe6 d5 23. Bxf6 Rxf6 24. Rxf6 gxf6 25. Qxd5+ 1-0

[Event "I Open Parco del Taro"]
[Site "Collecchio ITA"]
[Date "2004.03.13"]
[Round "2"]
[White "Salati, Paolo"]
[Black "Bonade', Massimo"]
[Result "0-1"]
[WhiteElo "1600"]
[BlackElo "2044"]
[PlyCount "84"]
[EventDate "2004.03.12"]

1. e4 c5 2. Nf3 d6 3. d4 cxd4 4. Nxd4 Nf6 5. Nc3 a6 6. Bg5 e6 7. Be2 Be7 8. O-O
O-O 9. Qd3 Nbd7 10. Nb3 b5 11. a3 Bb7 12. f4 Qc7 13. Bf3 Rfd8 14. Qe2 Rac8 15.
Rad1 Ba8 16. Rd2 Nb6 17. e5 Bxf3 18. Rxf3 dxe5 19. Rxd8+ Rxd8 20. fxe5 Nfd5 21.
Nxd5 Nxd5 22. Bxe7 Qxe7 23. Qf2 Nf4 24. h3 Ng6 25. Re3 Qg5 26. Nc5 Nxe5 27.
Nxa6 Nc4 28. Rf3 Rd2 29. Qg3 Qxg3 30. Rxg3 Rxc2 31. Rb3 Rxb2 32. Rxb2 Nxb2 33.
Nc7 Kf8 34. Nxb5 Ke7 35. Kf2 Kd7 36. Ke3 Kc6 37. Nc3 Nc4+ 38. Kd4 Nxa3 39. g4
Nb5+ 40. Nxb5 Kxb5 41. Ke5 Kc6 42. h4 Kd7 0-1

[Event "I Open Parco del Taro"]
[Site "Collecchio ITA"]
[Date "2004.03.13"]
[Round "2"]
[White "Taglialatela, Massimiliano"]
[Black "Ollari, Luca"]
[Result "1-0"]
[WhiteElo "1500"]
[BlackElo "1500"]
[PlyCount "121"]
[EventDate "2004.03.12"]

1. e4 c5 2. Nf3 Nc6 3. d4 cxd4 4. Nxd4 e6 5. Be3 a6 6. Bd3 Qc7 7. O-O b5 8. Nc3
Nf6 9. f4 Bc5 10. Nf5 Bxe3+ 11. Nxe3 Qb6 12. Qf3 Nd4 13. Qf2 O-O 14. e5 Ne8 15.
Rad1 Nc6 16. Ne4 f5 17. exf6 Nxf6 18. Ng3 Ne7 19. Kh1 Bb7 20. Nef5 Qd8 21.
Nxe7+ Qxe7 22. Qe2 Rae8 23. Rfe1 Qb4 24. c3 Qa5 25. b4 Qa3 26. Qd2 Bd5 27. f5
Qxa2 28. Qxa2 Bxa2 29. Ra1 Bd5 30. Rxa6 e5 31. Bxb5 Rc8 32. Rc1 Ng4 33. Rd6 Bc6
34. Bxc6 dxc6 35. Re1 e4 36. h3 Nf6 37. Nxe4 Nxe4 38. Rxe4 Rxf5 39. Kg1 c5 40.
Rc4 Kf7 41. bxc5 Rcxc5 42. Rxc5 Rxc5 43. Rd3 Ke6 44. Kf2 Ke5 45. Rg3 Kf6 46.
Ke2 h6 47. Kd3 g5 48. Kd4 Ra5 49. Re3 Ra2 50. g4 Rc2 51. c4 Rd2+ 52. Rd3 Rc2
53. c5 Ke6 54. Rc3 Rd2+ 55. Kc4 Re2 56. c6 Kd6 57. c7 Re8 58. Kb5 Rc8 59. Kb6
Kd7 60. Rd3+ Ke7 61. Kb7 1-0

[Event "I Open Parco del Taro"]
[Site "Collecchio ITA"]
[Date "2004.03.13"]
[Round "2"]
[White "Terbonati, Paolo"]
[Black "Panizzi, Giuseppe"]
[Result "0-1"]
[WhiteElo "1554"]
[BlackElo "1871"]
[PlyCount "68"]
[EventDate "2004.03.12"]

1. c4 e5 2. Nc3 Nc6 3. g3 Nf6 4. Bg2 Be7 5. Nf3 O-O 6. O-O d6 7. d3 Bd7 8. Bd2
Qc8 9. Re1 Nd8 10. b4 Ne6 11. a4 Rb8 12. Qc2 c5 13. b5 Nd4 14. Nxd4 cxd4 15.
Nd5 Nxd5 16. Bxd5 Be6 17. Bxe6 Qxe6 18. e4 f5 19. f4 Qg6 20. Qb3 Kh8 21. fxe5
f4 22. exd6 Bxd6 23. Bb4 Bxb4 24. Qxb4 fxg3 25. Ra2 gxh2+ 26. Kxh2 Rf3 27. Rg2
Qf6 28. e5 Qh4+ 29. Kg1 Rh3 30. Kf1 Re8 31. Re4 Rh1+ 32. Ke2 Qh5+ 33. Kf2 Qf5+
34. Kg3 Rh3# 0-1

[Event "I Open Parco del Taro"]
[Site "Collecchio ITA"]
[Date "2004.03.13"]
[Round "3"]
[White "Bonade', Massimo"]
[Black "Bocci, Alessandro"]
[Result "1-0"]
[WhiteElo "2044"]
[BlackElo "1618"]
[PlyCount "81"]
[EventDate "2004.03.12"]

1. d4 d5 2. c4 e6 3. Nc3 Nf6 4. Bg5 Be7 5. Nf3 O-O 6. e3 h6 7. Bh4 Ne4 8. Bxe7
Qxe7 9. cxd5 Nxc3 10. bxc3 exd5 11. Qb3 c6 12. Bd3 Nd7 13. O-O Nf6 14. c4 Be6
15. c5 Rae8 16. Rab1 Bc8 17. a4 Ne4 18. Qc2 Qc7 19. Ne5 Nf6 20. f4 Ne4 21. Bxe4
dxe4 22. f5 Rxe5 23. dxe5 Qxe5 24. Rf4 Re8 25. Rbf1 Qd5 26. g4 Qd3 27. Qxd3
exd3 28. Kf2 Re5 29. Rc4 h5 30. h3 hxg4 31. hxg4 g6 32. e4 gxf5 33. gxf5 b6 34.
cxb6 axb6 35. Rxc6 Bb7 36. Rxb6 Bxe4 37. Rg1+ Kf8 38. f6 Ke8 39. Rd6 Bg6 40.
Re1 Rxe1 41. Kxe1 1-0

[Event "I Open Parco del Taro"]
[Site "Collecchio ITA"]
[Date "2004.03.13"]
[Round "3"]
[White "Bonugli, Carlo"]
[Black "Guglielmi, Gabriele"]
[Result "1-0"]
[WhiteElo "2056"]
[BlackElo "1645"]
[PlyCount "83"]
[EventDate "2004.03.12"]

1. e4 c5 2. Nc3 Nc6 3. g3 Nf6 4. Bg2 e6 5. Nge2 Qb6 6. O-O Be7 7. d3 O-O 8. Rb1
a6 9. h3 d5 10. exd5 exd5 11. Bg5 d4 12. Bxf6 Bxf6 13. Ne4 Ne7 14. Nf4 Be5 15.
Qf3 Qc7 16. Ne2 Be6 17. c4 b5 18. b3 bxc4 19. bxc4 Rfb8 20. Kh1 Rb4 21. a3 Rb6
22. Nd2 Rab8 23. Ng1 Nf5 24. Rxb6 Rxb6 25. Ne4 Rb3 26. Ra1 Ne7 27. Qd1 Rb6 28.
Nf3 h6 29. Nxe5 Qxe5 30. Qa4 Bf5 31. Qe8+ Kh7 32. Qxf7 Rb3 33. Re1 Bg6 34. Qf8
Rxa3 35. f4 Qf5 36. Qxe7 Rxd3 37. Nd6 Qh5 38. f5 Rxg3 39. fxg6+ Qxg6 40. Qe4
Rxg2 41. Qxg2 Qxd6 42. Qe4+ 1-0

[Event "I Open Parco del Taro"]
[Site "Collecchio ITA"]
[Date "2004.03.13"]
[Round "3"]
[White "Di Giuseppe, Giovanni"]
[Black "Pasini, Davide"]
[Result "0-1"]
[WhiteElo "1639"]
[BlackElo "1594"]
[PlyCount "101"]
[EventDate "2004.03.12"]

1. d4 Nf6 2. c4 g6 3. Nc3 Bg7 4. e4 d6 5. f3 O-O 6. Be3 Na6 7. Bd3 c5 8. Nge2
cxd4 9. Bxd4 Nc5 10. b4 Ne6 11. Be3 a5 12. a3 Nd7 13. Rc1 axb4 14. axb4 Ne5 15.
O-O Nc6 16. Nd5 Ncd4 17. Bc2 Nxe2+ 18. Qxe2 Ra3 19. Rfd1 Bd7 20. Bb6 Qe8 21. b5
Nc5 22. Qf2 Ne6 23. Kh1 Ra2 24. Qe3 Bb2 25. Qb3 Bxc1 26. Qxa2 Bg5 27. Rf1 Nf4
28. Nc7 Qb8 29. g3 Ne6 30. Nd5 Re8 31. Qb2 Bh6 32. Be3 Bg7 33. Qc1 Nc5 34. Bg5
f6 35. Be3 Qa7 36. Rd1 Bc8 37. Qd2 Qa2 38. Bxc5 dxc5 39. Nxe7+ Rxe7 40. Qd8+
Kf7 41. Qxc8 Qxc2 42. Qd8 Qe2 43. Qd5+ Kf8 44. Ra1 Qxf3+ 45. Kg1 Qxe4 46. Ra8+
Re8 47. Qxc5+ Kg8 48. Rxe8+ Qxe8 49. Qd5+ Kh8 50. Qxb7 f5 51. Kf1 {...} 0-1

[Event "I Open Parco del Taro"]
[Site "Collecchio ITA"]
[Date "2004.03.13"]
[Round "3"]
[White "Grillo, Francesco"]
[Black "Losi, Renzo"]
[Result "0-1"]
[WhiteElo "1669"]
[BlackElo "1789"]
[PlyCount "90"]
[EventDate "2004.03.12"]

1. d4 Nf6 2. c4 e6 3. Nc3 d5 4. cxd5 exd5 5. Bg5 Nbd7 6. e3 c6 7. Bd3 Be7 8.
Qc2 O-O 9. Nf3 Re8 10. O-O Nf8 11. Rab1 g6 12. b4 Ne6 13. Bxf6 Bxf6 14. Na4 b5
15. Nc5 Nxc5 16. Qxc5 Bd7 17. Rfc1 a5 18. a3 Be7 19. Qc3 Bd6 20. Qd2 axb4 21.
axb4 Qe7 22. Rb2 Ra4 23. Rcb1 Rea8 24. Bc2 Ra3 25. Qe1 f5 26. Qd2 Kg7 27. g3 f4
28. gxf4 Bxf4 29. exf4 Rxf3 30. Re1 Qh4 31. Qe2 Rxf4 32. Qe7+ Qxe7 33. Rxe7+
Rf7 34. Re3 Kf8 35. Bd3 Rf4 36. Rbe2 Re8 37. Ra2 Rxd4 38. Rf3+ Kg8 39. Ra7 Re1+
40. Bf1 Rg4+ 41. Rg3 Rxg3+ 42. fxg3 Bh3 43. Ra8+ Kg7 44. Ra7+ Kf6 45. Kf2 Rxf1+
0-1

[Event "I Open Parco del Taro"]
[Site "Collecchio ITA"]
[Date "2004.03.13"]
[Round "3"]
[White "Gualtieri, Primo"]
[Black "Pipitone, Antonio"]
[Result "1/2-1/2"]
[WhiteElo "1522"]
[BlackElo "2034"]
[PlyCount "101"]
[EventDate "2004.03.12"]

1. e4 c5 2. d4 cxd4 3. c3 dxc3 4. Nxc3 Nc6 5. Nf3 d6 6. Bc4 Nf6 7. h3 Na5 8.
Bd3 e6 9. O-O Be7 10. Qe2 Nc6 11. Rd1 Qc7 12. Bg5 a6 13. Rac1 O-O 14. a4 Qa5
15. Bc4 Ne5 16. Bd2 Nxc4 17. Qxc4 Qb6 18. a5 Qc6 19. Qxc6 bxc6 20. e5 dxe5 21.
Nxe5 Bb7 22. Na4 Rac8 23. Nc5 Bxc5 24. Rxc5 Rfd8 25. Rc2 Rd5 26. Nc4 Rcd8 27.
Rdc1 Ne4 28. Be3 Rd1+ 29. Kh2 Rxc1 30. Rxc1 f6 31. f3 Ng5 32. Bxg5 fxg5 33. Ne5
Rd2 34. b3 Rd6 35. Rc5 h6 36. Kg3 Kf8 37. Kg4 Ke7 38. Kh5 Kf6 39. Ng4+ Kf7 40.
Ne5+ Kg8 41. Kg6 Ba8 42. Kh5 Kh7 43. Kg4 g6 44. g3 Kg7 45. h4 gxh4 46. Kxh4 Bb7
47. g4 Kf6 48. Kh3 Rd5 49. f4 g5 50. Kg3 gxf4+ 51. Kxf4 1/2-1/2

[Event "I Open Parco del Taro"]
[Site "Collecchio ITA"]
[Date "2004.03.13"]
[Round "3"]
[White "Mantovani, Mario"]
[Black "Salati, Paolo"]
[Result "1-0"]
[WhiteElo "1480"]
[BlackElo "1600"]
[PlyCount "86"]
[EventDate "2004.03.12"]

1. d4 d5 2. Nf3 Nf6 3. Bf4 Bg4 4. e3 e6 5. Nbd2 Bd6 6. Bg3 O-O 7. Bd3 Nbd7 8.
c3 Qe7 9. Qc2 h6 10. O-O Rac8 11. Rfe1 c5 12. Qb1 Bxg3 13. hxg3 Rfe8 14. e4
dxe4 15. Nxe4 cxd4 16. Nxd4 Nxe4 17. Bxe4 Nf6 18. Bf3 Bxf3 19. gxf3 Qc5 20. Re3
Rcd8 21. Qe1 Rd5 22. Qe2 Rh5 23. f4 Qd5 24. Qf3 Qxf3 25. Nxf3 Rd5 26. Nd4 Red8
27. f3 Ne8 28. Rae1 Nc7 29. Kg2 a5 30. a3 b5 31. Nc6 Rd2+ 32. R1e2 Rxe2+ 33.
Rxe2 Ra8 34. Re5 Kf8 35. Rc5 b4 36. cxb4 axb4 37. Nxb4 Ne8 38. g4 Rd8 39. Rc2
Nf6 40. b3 g6 41. a4 Rd4 42. Rc8+ Kg7 43. Rc4 Rd3 1-0

[Event "I Open Parco del Taro"]
[Site "Collecchio ITA"]
[Date "2004.03.13"]
[Round "3"]
[White "Marcori, Mirko"]
[Black "Rigo, Gianfrancesco"]
[Result "1/2-1/2"]
[WhiteElo "1573"]
[BlackElo "2033"]
[PlyCount "57"]
[EventDate "2004.03.12"]

1. Nf3 Nf6 2. d4 g6 3. c4 Bg7 4. Nc3 O-O 5. e3 d6 6. Be2 Nbd7 7. O-O e5 8. dxe5
dxe5 9. e4 c6 10. Bg5 Qc7 11. Qc2 Nc5 12. Rfd1 Bg4 13. b4 Ne6 14. Be3 Rfd8 15.
Rxd8+ Rxd8 16. Rd1 Bxf3 17. Rxd8+ Qxd8 18. Bxf3 Nd4 19. Qd1 Nd7 20. Bg4 Nb6 21.
c5 Nc8 22. Kf1 Ne7 23. h3 f5 24. exf5 gxf5 25. Be2 Nd5 26. Bc4 Kf8 27. Bxd4
exd4 28. Nxd5 cxd5 29. Bd3 1/2-1/2

[Event "I Open Parco del Taro"]
[Site "Collecchio ITA"]
[Date "2004.03.13"]
[Round "3"]
[White "Pelagatti, Alessandro"]
[Black "Gabelli, Giuseppe"]
[Result "1-0"]
[WhiteElo "1969"]
[BlackElo "1606"]
[PlyCount "87"]
[EventDate "2004.03.12"]

1. d4 d5 2. Nf3 Nf6 3. c4 c6 4. Qc2 Bg4 5. Nbd2 Nbd7 6. e3 e6 7. b3 Rc8 8. Bd3
Bd6 9. Bb2 O-O 10. O-O Bh5 11. Rfe1 Re8 12. Ne5 Qc7 13. f4 Nf8 14. c5 Bxe5 15.
fxe5 N6d7 16. e4 f6 17. exf6 gxf6 18. exd5 exd5 19. Nf1 Qf4 20. Qf2 Qxf2+ 21.
Kxf2 Bg6 22. Rad1 Rxe1 23. Kxe1 Kf7 24. Ng3 Re8+ 25. Kf2 Ne6 26. Nf5 Bxf5 27.
Bxf5 Ndf8 28. h4 b6 29. cxb6 axb6 30. g3 b5 31. Rc1 Ra8 32. a3 Nd8 33. Ke3 Ra7
34. Kd3 h6 35. Ra1 Nfe6 36. a4 bxa4 37. Rxa4 Rb7 38. Kc2 c5 39. Ra6 cxd4 40.
Rd6 d3+ 41. Bxd3 d4 42. Bc4 Rc7 43. Rxd4 Kg7 44. Rg4+ 1-0

[Event "I Open Parco del Taro"]
[Site "Collecchio ITA"]
[Date "2004.03.13"]
[Round "3"]
[White "Prati, Alessandro"]
[Black "Guaglianone, Mario"]
[Result "1/2-1/2"]
[WhiteElo "1633"]
[BlackElo "2164"]
[PlyCount "79"]
[EventDate "2004.03.12"]

1. d4 Nf6 2. Nf3 g6 3. Bg5 Bg7 4. e3 c5 5. c3 cxd4 6. cxd4 Qb6 7. Qc2 Nc6 8. a3
d6 9. Bd3 Bd7 10. Nc3 Rc8 11. O-O e6 12. Qe2 O-O 13. Nb5 Ne8 14. Rac1 a6 15.
Nc3 h6 16. Bh4 Nf6 17. Bg3 Ne7 18. h4 Nf5 19. Bh2 Rfd8 20. Rfd1 d5 21. Ne5 Be8
22. Rc2 Qa7 23. Rdc1 Qa8 24. Qd2 b5 25. Bxf5 gxf5 26. Nd3 Nd7 27. Ne2 Rxc2 28.
Qxc2 Nb6 29. Nc5 Rc8 30. Nf4 Qc6 31. Nfd3 a5 32. Qe2 f6 33. Bg3 Bg6 34. b3 Qe8
35. Qd2 Ra8 36. Nb7 a4 37. Nd6 Qf8 38. b4 Nc4 39. Nxc4 dxc4 40. Nc5 1/2-1/2

[Event "I Open Parco del Taro"]
[Site "Collecchio ITA"]
[Date "2004.03.13"]
[Round "3"]
[White "Ruggeri, Dario"]
[Black "Terbonati, Paolo"]
[Result "1/2-1/2"]
[WhiteElo "1759"]
[BlackElo "1554"]
[PlyCount "73"]
[EventDate "2004.03.12"]

1. e4 c5 2. Nf3 d6 3. d4 cxd4 4. Nxd4 Nf6 5. Nc3 g6 6. Be3 Bg7 7. f3 O-O 8. Qd2
Nc6 9. h4 h5 10. Be2 Bd7 11. O-O-O Nxd4 12. Bxd4 Qa5 13. Rdg1 Rfc8 14. g4 hxg4
15. h5 Nxh5 16. Bxg7 Nxg7 17. Qh6 f6 18. Qxg6 Qg5+ 19. Qxg5 fxg5 20. fxg4 Ne6
21. Rh5 Be8 22. Rh2 Nd4 23. Rgh1 Bg6 24. Bd3 Nf3 25. Rh8+ Kg7 26. Rxc8 Rxc8 27.
Nd5 Ne5 28. Kd2 Nc4+ 29. Ke2 e6 30. Ne7 Rc7 31. Nxg6 Nxb2 32. Nh4 gxh4 33. Rxh4
Nxd3 34. Kxd3 Rc5 35. Rh2 Kg6 36. c3 Rc7 37. Rh8 1/2-1/2

[Event "I Open Parco del Taro"]
[Site "Collecchio ITA"]
[Date "2004.03.13"]
[Round "3"]
[White "Salami, Marco"]
[Black "Panizzi, Giuseppe"]
[Result "1/2-1/2"]
[WhiteElo "2172"]
[BlackElo "1871"]
[PlyCount "61"]
[EventDate "2004.03.12"]

1. e4 c5 2. Nf3 Nc6 3. Bb5 g6 4. O-O Bg7 5. c3 Qb6 6. Na3 a6 7. Ba4 Qc7 8. Bxc6
Qxc6 9. Re1 b5 10. d4 cxd4 11. cxd4 Bb7 12. Bf4 d6 13. Rc1 Qd7 14. Qd2 Nf6 15.
e5 dxe5 16. Nxe5 Qd5 17. f3 O-O 18. Rc7 Rac8 19. Rxe7 Ba8 20. Nc2 Qd8 21. Nd3
Nd5 22. Bg5 Qd6 23. R7e2 Nf6 24. Bf4 Qb6 25. Be5 Bd5 26. Ncb4 Bc4 27. b3 Bxd3
28. Nxd3 Rfd8 29. Qb2 Nh5 30. Bxg7 Nxg7 31. Nf2 1/2-1/2